Identidad, subjetividad y sentido en las sociedades complejas
El propósito del texto es indagar con qué herramientas cuentan los miembros de las sociedades contemporáneas para hacer frente a estas demandas. El análisis se circunscribe a aquellas respuestas elaboradas desde la subjetividad individual que no niegan la complejidad y sus consecuencias, sino que la...
保存先:
| 第一著者: | |
|---|---|
| フォーマット: | テキスト |
| 出版事項: |
México D.F.:
FLACSO. Sede México. Juan Pablos,
ed.
|
| 主題: | |
| タグ: |
タグ追加
タグなし, このレコードへの初めてのタグを付けませんか!
|
MARC
| LEADER | 00000 a a2200000 04500 | ||
|---|---|---|---|
| 001 | 19166 | ||
| 003 | |||
| 040 | |||
| 090 | |a 145300 | ||
| 100 | |a Gleizer Salzman, Marcela | ||
| 245 | |a Identidad, subjetividad y sentido en las sociedades complejas | ||
| 260 | |a México D.F.: |b FLACSO. Sede México. Juan Pablos, |c ed. | ||
| 300 | |a 186 p. | ||
| 520 | |a El propósito del texto es indagar con qué herramientas cuentan los miembros de las sociedades contemporáneas para hacer frente a estas demandas. El análisis se circunscribe a aquellas respuestas elaboradas desde la subjetividad individual que no niegan la complejidad y sus consecuencias, sino que la incorporan como dato en la búsqueda de alternativas, que tienen algún grado de efectividad para enfrentar con éxito las experiencias que la complejidad impone. DOC/WMV | ||
| 650 | |a VIDA | ||
| 650 | |a SOCIEDAD | ||
| 650 | |a SISTEMA SOCIAL | ||
| 650 | |a NORMAS SOCIALES | ||
| 650 | |a IDEOLOGIAS | ||
| 650 | |a ESTILOS DE VIDA | ||
| 650 | |a INDIVIDUOS | ||
| 650 | |a IDENTIDAD CULTURAL | ||
| 650 | |a REALCIONES CULTURALES | ||
| 650 | |a CONSUMO | ||
| 999 | |c 14138 |d 14138 | ||
